Cơ học lý thuyết

Sách trình bày những khái niệm cơ bản của tĩnh học, động học và động lực học. Ngoài ra, trong phần phụ lục, sách còn trình bày về phương trình vi phân chuyển động của cơ hệ không tự do.

Đã lưu trong:
書目詳細資料
主要作者: Ninh Quang Hải
格式: 圖書
語言:Undetermined
出版: Hà Nội Xây Dựng 1999
主題:
標簽: 添加標簽
沒有標簽, 成為第一個標記此記錄!
Thư viện lưu trữ: Trung tâm Học liệu Trường Đại học Cần Thơ
LEADER 00747nam a2200181Ia 4500
001 CTU_37515
008 210402s9999 xx 000 0 und d
082 |a 531 
082 |b H103/1999 
100 |a Ninh Quang Hải 
245 0 |a Cơ học lý thuyết 
245 0 |c Ninh Quang Hải 
260 |a Hà Nội 
260 |b Xây Dựng 
260 |c 1999 
520 |a Sách trình bày những khái niệm cơ bản của tĩnh học, động học và động lực học. Ngoài ra, trong phần phụ lục, sách còn trình bày về phương trình vi phân chuyển động của cơ hệ không tự do. 
650 |a mechanics 
980 |a Trung tâm Học liệu Trường Đại học Cần Thơ